Dicionário Oxford pocket para estudantes de Inglês (Record no. 42763)

MARC details
000 -Etiqueta do registo
Valores 00428nam a2200157 4500
100 ## - Dados gerais de processamento
Dados gerais 20240226 pory50
101 ## - Língua de publicação
Língua por
-- ing
102 ## - País de publicação
País PT
200 ## - Titulo e menção de responsabilidade
Título próprio Dicionário Oxford pocket para estudantes de Inglês
Informação de outro título Português - Inglês Inglês - Português
210 ## - Publicação
Local de publicação Oxford
Nome do editor Oxford University Press
Data de publicação 1999
215 ## - Descrição física 
Paginação / Volumes 706 , [1] p.
675 ## - CDU
Notação (038)
801 ## - Fonte de origem
País PT
Regras de catalogação RPC
990 ## - Elementos KOHA
Tipo de documento Livro

No items available.

Powered by Koha